ბათუმის შოთა რუსთაველის სახელმწიფო უნივერსიტეტის ბიბლიოთეკა

საქართველო. თბილისი (ბიბ.ჩანაწერი № 34437)

000 -LEADER
fixed length control field 00502nam a2200181Ia 4500
001 - CONTROL NUMBER
control field 179
003 - CONTROL NUMBER IDENTIFIER
control field GE_BSU
008 - FIXED-LENGTH DATA ELEMENTS--GENERAL INFORMATION
fixed length control field 181216s||||||||xx |||||||||||||| ||und||
040 ## - CATALOGING SOURCE
Transcribing agency GE_BSU
245 ## - TITLE STATEMENT
Title საქართველო. თბილისი
245 ## - TITLE STATEMENT
Remainder of title 1:600 000
245 ## - TITLE STATEMENT
Statement of responsibility, etc. რედაქტორი ფეიქრიშვილი,ნ.
653 ## - INDEX TERM--UNCONTROLLED
Uncontrolled term თბილისი
653 ## - INDEX TERM--UNCONTROLLED
Uncontrolled term რუკა
653 ## - INDEX TERM--UNCONTROLLED
Uncontrolled term საქართველო
942 ## - ADDED ENTRY ELEMENTS (KOHA)
Koha item type რუკები
ეგზემპლარები
Withdrawn status Lost status Damaged status Not for loan Date acquired Barcode Date last seen Price effective from Koha item type Public note
        2018-12-17 2100 2018-12-17 2018-12-17 რუკები დარბაზი
        2018-12-17 2101 2018-12-17 2018-12-17 რუკები დარბაზი